Présidents américains - Play-Doh - Statistiques

Statistiques générales
  • Ce quiz a été pris 72 fois
  • Le résultat moyen est 7 sur 12
Statistiques - réponses
Par images Réponse % Correct
Barack Obama
98%
Donald Trump
98%
Abraham Lincoln
97%
George Washington
88%
John F. Kennedy
70%
Richard Nixon
52%
Theodore Roosevelt
47%
Ronald Reagan
41%
John Adams
38%
Ulysses S. Grant
27%
William Taft
13%
Andrew Jackson
9%
Aucun quiz correspondant
Distribution des résultats
% des personnes avec chaque résultat
Percentile par nombre de réponses
Votre historique - résultats
Vous n’avez pas pris ce quiz